Sāta hātha setu ke /
Anthology of contemporary Hindi lyrical poetry.
में बचाया:
| अन्य लेखक: | |
|---|---|
| स्वरूप: | पुस्तक |
| भाषा: | Hindi |
| प्रकाशित: |
Dillī :
Parāga Prakāśana,
1987.
|
| संस्करण: | 1. saṃskaraṇa. |
| विषय: |
| LEADER | 01016nam a2200289 a 4500 | ||
|---|---|---|---|
| 001 | c000161400 | ||
| 003 | CARM | ||
| 005 | 19960125000000.0 | ||
| 008 | 871210s1987 ii 000 0 hin d | ||
| 019 | 1 | |a 7325832 |5 LACONCORD2021 | |
| 035 | |a (OCoLC)21678519 |5 LACONCORD2021 | ||
| 040 | |a LC |b eng |c LC |d VU | ||
| 050 | 0 | 0 | |a PK2065 |b .S3 1987 |
| 082 | 0 | 4 | |a 891.431040807 |2 20 |
| 245 | 0 | 0 | |a Sāta hātha setu ke / |c sampādaka Madhusūdana Sāhā. |
| 250 | |a 1. saṃskaraṇa. | ||
| 260 | |a Dillī : |b Parāga Prakāśana, |c 1987. | ||
| 300 | |a 109 p. ; |c 23 cm. | ||
| 500 | |a Poems. | ||
| 520 | |a Anthology of contemporary Hindi lyrical poetry. | ||
| 546 | |a In Hindi. | ||
| 650 | 0 | |a Hindi poetry |y 20th century. | |
| 650 | 0 | |a Lyric poetry. | |
| 700 | 1 | |a Sāhā, Madhusūdana, |d 1940- | |
| 852 | 8 | |b CARM |h A2:AJ23B0 |i B04881 |p 0212896 |f BK | |
| 999 | f | f | |i edcfab58-827f-56dd-891c-dfdfbca55fad |s 99894a89-bd6f-5bdc-a2fe-c6657b6bab24 |
| 952 | f | f | |p Can circulate |a CAVAL |b CAVAL |c CAVAL |d CARM 1 Store |e B04881 |f A2:AJ23B0 |h Other scheme |i book |m 0212896 |